Occupational Safety and Health in Germany <An> Overview

Guardado en:
Detalles Bibliográficos
Autor principal: Paland, Norbert
Otros Autores: Schwedes, Rolf, Haarkamp, Angelika, Kretz, Renate
Formato: Libro
Lenguaje:inglés
Publicado: Bonn Bundesminister für Arbeit und Sozialordnung 1992
Edición:4. rev. and extended ed.
Materias:
Etiquetas: Agregar Etiqueta
Sin Etiquetas, Sea el primero en etiquetar este registro!

MARC

LEADER 00000nam a2200000 4500
001 c005207
005 20221206083425.8
041 0 |a eng 
044 |a DE 
245 1 0 |a Occupational Safety and Health in Germany  |b <An> Overview  |c Norbert Paland, Rolf Schwedes ; Prekl. Angelika Haarkamp, Renate Kretz 
250 |a 4. rev. and extended ed. 
264 1 |a Bonn  |b Bundesminister für Arbeit und Sozialordnung  |c 1992 
300 |a 95 s. 
610 2 0 |a čas pracovný 
610 2 0 |a bezpečnosť práce 
610 2 0 |a zdravie 
610 2 0 |a Nemecko 
610 2 0 |a ochrana zdravia 
100 1 |a Paland, Norbert 
700 1 |a Schwedes, Rolf 
700 1 |a Haarkamp, Angelika 
700 1 |a Kretz, Renate